| 000 | 00978nam a22002297a 4500 | ||
|---|---|---|---|
| 005 | 20240530110458.0 | ||
| 008 | 150615s2010 ua ao f 000 0 ara d | ||
| 017 |
_a2010/8459 _bمصر . دار الكتب المصرية |
||
| 020 | _a9789772879507 | ||
| 040 | _aEG-CaGPL | ||
| 082 | 0 | 4 |
_221 _a621.38152\ _bع ص |
| 100 | 0 | _aعبدالحميد بسيونى | |
| 245 | 1 | 0 |
_aصيانة و اصلاح اعطال شاشة البلورة السائلة فى الحاسب و التليفزيون =LCD Monitor Trroubleshooting & Repair / _cعبدالحميد بسيونى |
| 250 | _aط1 | ||
| 260 |
_aالقاهرة : _bدار الكتب العلمية للنشر و التوزيع ، _c2010 . |
||
| 300 |
_a272 ص : _bصور ؛ _c24 سم . |
||
| 650 | 0 | 4 |
_aالتليفزيون _xصيانة |
| 650 | 0 | 4 |
_aالحاسبات الالكترونية _xصيانة |
| 650 | 0 | 4 | _aالهندسة الالكترونية |
| 942 |
_2ddc _cBK |
||
| 999 |
_c61404 _d61404 |
||